[Event "1st Gujarat GM Open 2018"]
[Site "Ahmedabad"]
[Date "2018.10.09"]
[Round "7"]
[White "Kravtsiv, Martyn"]
[Black "Stany, G.A."]
[Result "*"]
[WhiteElo "2654"]
[BlackElo "2502"]
[Annotator "TA"]
[PlyCount "23"]
[EventDate "2018.10.05"]
[EventType "swiss"]
[EventCountry "IND"]
[SourceTitle "playchess.com"]
[Source "ChessBase"]
[SourceQuality "1"]

{[%evp 9,16,0,30,30,30,33,31,27,44]} 1. d4 Nf6 2. Bf4 g6 3. Nc3 d5 4. e3 Bg7 5. h4 c5 (5... h5 6. Nf3 O-O 7. Qd2 c5 8. Ne5 Nc6 9. f3 Nd7 10. Nxd5 cxd4 11. exd4 {½-½ (20) Kravtsiv,M (2654)-Salem,A (2636) Abu Dhabi 2018}) 6. Nb5 {[#] Nc7+ is the strong threat. A45: Trompowsky Attack} Na6 $1 7. c3 h6 8. Nf3 O-O {Predecessor:} 9. Be2 $146 Bg4 10. a4 Ne8 11. Ne5 Bxe2 12. Qxe2 {½-½ (29) Le Goff,R (2299)-O'Sullivan,T (2235) Paris 2017} *

[Event "1st Gujarat GM Open 2018"]
[Site "Ahmedabad"]
[Date "2018.10.09"]
[Round "7"]
[White "Predke, Alexandr"]
[Black "Akash G"]
[Result "*"]
[WhiteElo "2615"]
[BlackElo "2424"]
[Annotator "TA"]
[PlyCount "27"]
[EventDate "2018.10.05"]
[EventType "swiss"]
[EventCountry "IND"]
[SourceTitle "playchess.com"]
[Source "ChessBase"]
[SourceQuality "1"]

{[%evp 17,27,41,27,31,42,47,47,49,51,52,55,54]} 1. d4 Nf6 2. Nf3 g6 3. g3 Bg7 4. Bg2 O-O 5. O-O d6 6. b3 c5 7. c4 Nc6 8. Bb2 cxd4 9. Nxd4 Bd7 10. Qd2 {E60: King's Indian: Unusual lines and Fianchetto Variation without Nc3} (10. Nc3 Nxd4 11. Qxd4 Bc6 12. Rfd1 Qa5 13. Qd2 Bxg2 14. Kxg2 Rfc8 15. f3 a6 16. g4 Kf8 17. a4 Qb4 18. Qc2 Qc5 19. a5 h5 {0-1 (52) Jobava,B (2690)-Shimanov,A (2641) chess.com INT 2018}) 10... Nxd4 {White is slightly better.} 11. Bxd4 Bc6 12. Nc3 Bxg2 13. Kxg2 a6 $146 ({Predecessor:} 13... Qc8 14. Bxf6 Bxf6 15. Nd5 Qe6 16. Rad1 Rac8 17. Qd3 {½-½ (17) Vukic,M (2454)-Loncar,R (2427) Ljubljana 2009}) 14. Rfd1 *

[Event "1st Gujarat GM Open 2018"]
[Site "Ahmedabad"]
[Date "2018.10.09"]
[Round "7"]
[White "Popov, Ivan"]
[Black "Saurabh Anand"]
[Result "*"]
[WhiteElo "2611"]
[BlackElo "2303"]
[Annotator "TA"]
[PlyCount "31"]
[EventDate "2018.10.05"]
[EventType "swiss"]
[EventCountry "IND"]
[SourceTitle "playchess.com"]
[Source "ChessBase"]
[SourceQuality "1"]

{[%evp 15,31,12,12,12,14,15,18,17,20,13,12,0,19,0,103,96,111,110]} 1. e4 e5 2. Nf3 Nc6 3. Bb5 {[%cal Bf1b5,Bb5a4,Ba4b3][%mdl 32]} a6 4. Ba4 Nf6 5. O-O Be7 6. d3 b5 7. Bb3 d6 8. a4 {[%cal Ba2a4,Ba4a5][%mdl 32]} Bd7 9. Bd2 {C84: Closed Ruy Lopez: Unusual White 6th moves} b4 10. a5 O-O 11. h3 {The position is equal.} Rb8 12. c3 {[%cal Bc2c3,Bc3b4][%mdl 32]} Qc8 13. Re1 Be6 {White must now prevent ...bxc3.} 14. Ba4 {[#]} Nxa5 $146 (14... bxc3 $11 15. Bxc3 Qb7) ({Predecessor:} 14... bxc3 15. Bxc3 Qb7 16. Nbd2 Nb4 {½-½ (26) Najer,E (2707)-Vitiugov,N (2724) Tbilisi 2017}) 15. cxb4 $16 Nb7 {[#]} 16. d4 $1 *

[Event "1st Gujarat GM Open 2018"]
[Site "Ahmedabad"]
[Date "2018.10.09"]
[Round "7"]
[White "Tukhaev, Adam"]
[Black "Raahul V S"]
[Result "*"]
[WhiteElo "2556"]
[BlackElo "2294"]
[Annotator "TA"]
[PlyCount "44"]
[EventDate "2018.10.05"]
[EventType "swiss"]
[EventCountry "IND"]
[SourceTitle "playchess.com"]
[Source "ChessBase"]
[SourceQuality "1"]

{[%evp 22,24,30,21,36]} 1. e4 e5 2. Nf3 Nc6 3. Bb5 a6 4. Ba4 Nf6 5. O-O Nxe4 6. d4 b5 7. Bb3 d5 8. dxe5 Be6 9. Qe2 Bc5 10. Nbd2 Nxd2 11. Bxd2 O-O 12. Rad1 {LiveBook: 31 Games. C81: Open Ruy Lopez: Keres Variation (9 Qe2)} Qd7 (12... Bg4 13. Be3 Bxe3 14. Qxe3 d4 15. Qe4 Bxf3 16. gxf3 Na5 17. Rxd4 Qg5+ 18. Kh1 c5 19. Bxf7+ Kh8 {1-0 (39) Gharamian,T (2626)-Vocaturo,D (2600) Bastia 2016}) {Predecessor:} 13. Be3 $146 Be7 14. c3 Na5 15. Bc2 c5 16. Rfe1 Nc4 17. Bc1 Rfe8 18. h3 Nb6 19. Qd3 g6 20. Qe3 Bf5 21. Bd3 Bf8 22. Bxf5 Qxf5 {½-½ (61) Locio,L (2250)-Hartmann,L (2316) ICCF email 2008} *

[Event "1st Gujarat GM Open 2018"]
[Site "Ahmedabad"]
[Date "2018.10.09"]
[Round "7"]
[White "Bernadskiy, Vitaliy"]
[Black "Harsha Bharathakoti"]
[Result "*"]
[WhiteElo "2547"]
[BlackElo "2492"]
[Annotator "TA"]
[PlyCount "35"]
[EventDate "2018.10.05"]
[EventType "swiss"]
[EventCountry "IND"]
[SourceTitle "playchess.com"]
[Source "ChessBase"]
[SourceQuality "1"]

{[%evp 11,18,15,23,16,26,8,18,17,14]} 1. e4 e5 2. Nf3 Nc6 3. Bb5 {[%cal Bf1b5,Bb5a4,Ba4b3][%mdl 32]} a6 4. Ba4 Nf6 5. d3 b5 6. Bb3 Bb7 7. Nc3 {Threatens to win with Ng5. C77: Ruy Lopez: 3...a6 4 Ba4 Nf6, unusual lines} Be7 8. a3 d6 9. O-O O-O {Predecessor:} 10. Re1 $146 h6 11. Ne2 Re8 12. Ng3 Bf8 13. c3 Qd7 14. d4 Na5 15. Bc2 Nc4 16. a4 Rad8 17. b3 Nb6 18. a5 {1-0 (48) Nepomniachtchi,I (2725)-Bu,X (2723) Danzhou 2016} *

[Event "1st Gujarat GM Open 2018"]
[Site "Ahmedabad"]
[Date "2018.10.09"]
[Round "7"]
[White "Sivuk, Vitaly"]
[Black "Pranav Vijay"]
[Result "*"]
[WhiteElo "2545"]
[BlackElo "2265"]
[Annotator "TA"]
[PlyCount "25"]
[EventDate "2018.10.05"]
[EventType "swiss"]
[EventCountry "IND"]
[SourceTitle "playchess.com"]
[Source "ChessBase"]
[SourceQuality "1"]

{[%evp 15,25,25,27,22,32,26,34,27,30,32,52,42]} 1. e4 e5 2. Nf3 Nc6 3. Bb5 a6 4. Ba4 d6 5. O-O Bd7 6. c3 g6 7. d4 Bg7 8. Bg5 Nge7 9. d5 {C76: Ruy Lopez: Deferred Steinitz: 5 c3 Bd7 6 d4 g6} Nb8 10. c4 b5 $146 ({Predecessor:} 10... h6 11. Bxe7 Qxe7 12. Qb3 b6 13. Bxd7+ Nxd7 14. Nc3 O-O 15. Qc2 f5 16. b4 h5 {0-1 (46) Ghaem Maghami,E (2568)-Short,N (2697) Teheran 2013}) 11. Bb3 bxc4 12. Bxc4 h6 13. Bd2 *

[Event "1st Gujarat GM Open 2018"]
[Site "Ahmedabad"]
[Date "2018.10.09"]
[Round "7"]
[White "Babujian, Levon"]
[Black "Michelle Catherina, P."]
[Result "*"]
[WhiteElo "2456"]
[BlackElo "2147"]
[Annotator "TA"]
[PlyCount "17"]
[EventDate "2018.10.05"]
[EventType "swiss"]
[EventCountry "IND"]
[SourceTitle "playchess.com"]
[Source "ChessBase"]
[SourceQuality "1"]

{[%evp 11,17,0,1,0,0,-9,-14,-29]} 1. d4 Nf6 2. Bg5 d5 3. Bxf6 exf6 4. e3 Be6 5. Nf3 Bd6 6. Nbd2 {D00: 1 d4 d5: Unusual lines} c6 {LiveBook: 3 Games. The position is equal.} 7. c4 Nd7 8. cxd5 cxd5 9. g3 $146 ({Predecessor:} 9. e4 Qb6 10. Bd3 O-O 11. O-O Qxb2 12. exd5 Bxd5 {½-½ (59) Meduna,E (2460)-Koutsin,S (2390) Katowice 1993}) *

[Event "1st Gujarat GM Open 2018"]
[Site "Ahmedabad"]
[Date "2018.10.09"]
[Round "7"]
[White "Gukesh D"]
[Black "Ziatdinov, Raset"]
[Result "*"]
[WhiteElo "2456"]
[BlackElo "2265"]
[Annotator "TA"]
[PlyCount "19"]
[EventDate "2018.10.05"]
[EventType "swiss"]
[EventCountry "IND"]
[SourceTitle "playchess.com"]
[Source "ChessBase"]
[SourceQuality "1"]

{[%evp 13,19,0,0,0,21,0,12,17]} 1. Nf3 Nf6 2. g3 c5 3. Bg2 Nc6 4. O-O e5 5. e4 (5. d3 d5 6. e4 d4 7. a4 Be7 8. Na3 O-O 9. Nc4 Nd7 10. Nfd2 Nb6 11. f4 exf4 12. gxf4 f5 13. Ne5 Nxe5 14. fxe5 f4 15. a5 {1-0 (33) Ding,L (2791)-Karjakin,S (2782) Stavanger 2018}) 5... Be7 6. Re1 {A04: Unusual lines after 1 Nf3 and King's Indian Attack} O-O 7. d3 {[%cal Bd2d3,Bd3d4][%mdl 32]} d6 {LiveBook: 4 Games. The position is equal.} 8. Nbd2 Ne8 9. c3 Nc7 10. d4 $146 ({Predecessor:} 10. a4 a6 11. Nc4 Rb8 {0-1 (50) Kalikova,J-Espig,G (2150) Germany 1993}) *

[Event "1st Gujarat GM Open 2018"]
[Site "Ahmedabad"]
[Date "2018.10.09"]
[Round "7"]
[White "Vignesh N R"]
[Black "Amonatov, Farrukh"]
[Result "*"]
[WhiteElo "2447"]
[BlackElo "2615"]
[Annotator "TA"]
[PlyCount "29"]
[EventDate "2018.10.05"]
[EventType "swiss"]
[EventCountry "IND"]
[SourceTitle "playchess.com"]
[Source "ChessBase"]
[SourceQuality "1"]

{[%evp 21,25,15,16,14,0,16]} 1. e4 {Sutovsky,E} c5 2. Nf3 d6 3. d4 cxd4 4. Nxd4 Nf6 5. Nc3 a6 6. h3 e5 7. Nb3 Be6 {B90: Sizilianisch (Najdorf-Variante, Abweichungen)} 8. f4 Nbd7 9. f5 Bxb3 10. axb3 d5 11. exd5 Bb4 {LiveBook: 3 Partien} 12. Bd2 O-O 13. Qe2 $1 {[#]} {Vorgänger:} Bxc3 $146 14. bxc3 e4 15. O-O-O {1-0 (34) Sutovsky,E (2635)-Shirov,A (2712) Poikovsky 2015 CBM 169 [Sutovsky,E]} *

[Event "1st Gujarat GM Open 2018"]
[Site "Ahmedabad"]
[Date "2018.10.09"]
[Round "7"]
[White "Bakunts, Rafael"]
[Black "Pranesh M"]
[Result "*"]
[WhiteElo "2427"]
[BlackElo "2028"]
[Annotator "TA"]
[PlyCount "28"]
[EventDate "2018.10.05"]
[EventType "swiss"]
[EventCountry "IND"]
[SourceTitle "playchess.com"]
[Source "ChessBase"]
[SourceQuality "1"]

{[%evp 21,28,10,18,-6,27,22,42,18,20]} 1. e4 e5 2. Nf3 Nc6 3. Bb5 Nf6 4. O-O Nxe4 5. Re1 Nd6 6. Nxe5 Be7 7. Bf1 Nxe5 8. Rxe5 O-O 9. d4 Bf6 {C67: Ruy Lopez: Berlin Defence: 4 0-0 Nxe4} (9... Ne8 10. d5 Bc5 11. Re1 d6 12. Nc3 f5 13. Na4 Bxf2+ 14. Kxf2 Qh4+ 15. Kg1 Qxa4 16. Re7 Qh4 17. Qe2 {1-0 (45) Giri,A (2782)-Aronian,L (2767) chess.com INT 2018}) 10. Re2 Nf5 11. d5 d6 {LiveBook: 6 Games} 12. Nc3 Bxc3 13. bxc3 Qf6 $146 ({Predecessor:} 13... Bd7 14. Qd3 Qf6 15. Rb1 b6 16. Bd2 Rae8 17. Rbe1 {0-1 (31) Dai,C (2423)-Lin,C (2475) China 2017}) 14. Rb1 b6 *

[Event "1st Gujarat GM Open 2018"]
[Site "Ahmedabad"]
[Date "2018.10.09"]
[Round "7"]
[White "Sardana, Rishi"]
[Black "Kamdar Udit"]
[Result "*"]
[WhiteElo "2418"]
[BlackElo "2103"]
[Annotator "TA"]
[PlyCount "29"]
[EventDate "2018.10.05"]
[EventType "swiss"]
[EventCountry "IND"]
[SourceTitle "playchess.com"]
[Source "ChessBase"]
[SourceQuality "1"]

{[%evp 10,18,27,18,39,27,36,9,23,2,10]} 1. e4 c6 2. Nc3 d5 3. Nf3 dxe4 4. Nxe4 Nf6 5. Qe2 Nxe4 6. Qxe4 Nd7 {B11: Caro-Kann: Two Knights Variation} 7. Bc4 {Hoping for Ng5.} Nf6 8. Qe2 Bf5 9. Ne5 {[%csl Ge5][%cal Rc4f7] [#]} e6 {Predecessor:} 10. d3 $146 Bd6 11. Bd2 Qc7 12. f4 h5 13. g3 Bxe5 14. Qxe5 Qxe5+ 15. fxe5 {1-0 (41) Idani,P (2563)-Ghorbaniyan,S (2104) Mashhad 2017} *

[Event "1st Gujarat GM Open 2018"]
[Site "Ahmedabad"]
[Date "2018.10.09"]
[Round "7"]
[White "Thipsay, Praveen M"]
[Black "Karthik Venkataraman"]
[Result "*"]
[WhiteElo "2410"]
[BlackElo "2525"]
[Annotator "TA"]
[PlyCount "28"]
[EventDate "2018.10.05"]
[EventType "swiss"]
[EventCountry "IND"]
[SourceTitle "playchess.com"]
[Source "ChessBase"]
[SourceQuality "1"]

{[%evp 26,28,0,0,55]} 1. e4 c5 2. Nf3 d6 3. d4 Nf6 4. Nc3 cxd4 5. Nxd4 a6 6. Be2 e6 7. O-O Be7 8. f4 O-O 9. a4 Nc6 10. Be3 Qc7 11. Kh1 Re8 12. Bd3 Bd7 13. Qf3 Nb4 14. Qg3 {[#] LiveBook: 16 Games. B85: Sicilian Scheveningen: 6 Be2 a6, lines with early Be3} (14. a5 Bc6 15. Qg3 Bf8 16. Nf3 Nd7 17. Bd4 Rac8 18. e5 Nxd3 19. cxd3 dxe5 20. fxe5 f5 21. exf6 Qxg3 22. f7+ Kxf7 23. hxg3 {0-1 (50) Wang,H (2643)-Ponomariov,R (2705) Khanty-Mansiysk 2007}) 14... Rac8 $146 ({Black should try} 14... Nh5 $11 15. Qf3 Nf6) ({Predecessor:} 14... Bc6 15. e5 Nfd5 16. Nxd5 Bxd5 17. f5 Bf8 18. f6 g6 19. Qh4 dxe5 20. Bh6 Qc5 21. Bxf8 Qxf8 22. Bxg6 {1-0 (28) Kulaots,K (2593)-Horvath,J (2524) Budapest 2004}) *

[Event "1st Gujarat GM Open 2018"]
[Site "Ahmedabad"]
[Date "2018.10.09"]
[Round "7"]
[White "Arjun Kalyan"]
[Black "Ritviz, Parab"]
[Result "*"]
[WhiteElo "2408"]
[BlackElo "2252"]
[Annotator "TA"]
[PlyCount "30"]
[EventDate "2018.10.05"]
[EventType "swiss"]
[EventCountry "IND"]
[SourceTitle "playchess.com"]
[Source "ChessBase"]
[SourceQuality "1"]

{[%evp 13,15,32,31,20]} 1. e4 e5 2. Nf3 Nc6 3. Bb5 a6 4. Ba4 Nf6 5. O-O d6 6. Bxc6+ bxc6 7. d4 Nxe4 8. Qe2 {C79: Ruy Lopez: Steinitz-type lines with 3...a6 4 Ba4 Nf6 5 0-0 d6} (8. Re1 f5 9. dxe5 Be7 10. Nbd2 O-O 11. exd6 Bxd6 12. Qe2 Re8 13. Qc4+ Be6 14. Qxc6 Bb4 15. c3 Bd5 16. Qa4 {½-½ (81) Hofstetter,H (2382)-Salmi,I (2468) ICCF email 2014}) {Predecessor:} 8... Bf5 $146 9. dxe5 d5 10. Nd4 Bd7 11. Nc3 Nxc3 12. bxc3 Be7 13. Qh5 Qc8 14. e6 Bxe6 15. Nxe6 Qxe6 {1-0 (32) Mamedjarova,T (2257)-Kazimova,N (2364) Mamaia 2016} *

[Event "1st Gujarat GM Open 2018"]
[Site "Ahmedabad"]
[Date "2018.10.09"]
[Round "7"]
[White "Fominyh, Alexander"]
[Black "Abu Sufian, Shakil"]
[Result "*"]
[WhiteElo "2405"]
[BlackElo "2247"]
[Annotator "TA"]
[PlyCount "32"]
[EventDate "2018.10.05"]
[EventType "swiss"]
[EventCountry "IND"]
[SourceTitle "playchess.com"]
[Source "ChessBase"]
[SourceQuality "1"]

{[%evp 17,18,23,48]} 1. c4 e6 2. Nf3 Nf6 3. g3 d5 4. Bg2 Be7 5. d4 O-O 6. Qc2 dxc4 7. Qxc4 a6 8. Qc2 c5 {E06: Closed Catalan: Early deviations} 9. dxc5 Qa5+ {LiveBook: 12 Games} {Predecessor:} 10. Bd2 $146 Qxc5 11. Qxc5 Bxc5 12. Ne5 Nbd7 13. Nd3 Bd4 14. Bb4 Re8 15. Nd2 Ne5 16. Nxe5 Bxb2 {1-0 (115) Harikrishna,P (2755)-Aravindh,C (2500) Gibraltar 2016} *

[Event "1st Gujarat GM Open 2018"]
[Site "Ahmedabad"]
[Date "2018.10.09"]
[Round "7"]
[White "Raghunandan, Kaumandur Srihari"]
[Black "Navalgund, Niranjan"]
[Result "*"]
[WhiteElo "2394"]
[BlackElo "2245"]
[Annotator "TA"]
[PlyCount "31"]
[EventDate "2018.10.05"]
[EventType "swiss"]
[EventCountry "IND"]
[SourceTitle "playchess.com"]
[Source "ChessBase"]
[SourceQuality "1"]

{[%evp 14,19,45,36,25,38,36,28]} 1. Nf3 Nf6 2. g3 g6 3. b3 Bg7 4. Bb2 O-O 5. Bg2 d6 6. d4 c5 7. c4 cxd4 8. Nxd4 d5 {E60: King's Indian: Unusual lines and Fianchetto Variation without Nc3} 9. cxd5 Nxd5 10. O-O {Predecessor:} Nb4 $146 11. Na3 N8c6 12. Nxc6 Nxc6 13. Bxg7 Kxg7 14. Bxc6 bxc6 15. Qc1 Qd6 16. Qc3+ {1-0 (71) Rakhmanov,A (2655)-Triapishko,O (2530) Batumi 2018} *

[Event "1st Gujarat GM Open 2018"]
[Site "Ahmedabad"]
[Date "2018.10.09"]
[Round "7"]
[White "Audi Ameya"]
[Black "Mehdi Hasan Parag"]
[Result "*"]
[WhiteElo "2375"]
[BlackElo "2209"]
[Annotator "TA"]
[PlyCount "31"]
[EventDate "2018.10.05"]
[EventType "swiss"]
[EventCountry "IND"]
[SourceTitle "playchess.com"]
[Source "ChessBase"]
[SourceQuality "1"]

{[%evp 17,31,21,18,22,22,29,20,31,32,18,21,25,24,17,29,16]} 1. e4 c6 2. Nf3 d5 3. exd5 cxd5 4. Ne5 Nf6 5. d4 g6 (5... Nc6 6. Bb5 Bd7 7. Nxd7 Qxd7 8. c3 e6 9. O-O Bd6 10. Nd2 O-O 11. Re1 a6 12. Bd3 e5 13. dxe5 Nxe5 {1-0 (52) Kramnik,V (2787)-Caruana,F (2811) Wijk aan Zee 2018}) 6. Bb5+ {B10: Caro-Kann: 2 d3 and 2 c4} Bd7 7. Nxd7 Nbxd7 8. O-O Bg7 9. c3 O-O {LiveBook: 3 Games} 10. Re1 a6 11. Bf1 Re8 12. Bf4 $146 Nh5 13. Bg5 Nhf6 14. Nd2 Qc7 15. h3 e6 16. a4 *

[Event "1st Gujarat GM Open 2018"]
[Site "Ahmedabad"]
[Date "2018.10.09"]
[Round "7"]
[White "Rathanvel, V S"]
[Black "Malakhatko, Vadim"]
[Result "*"]
[WhiteElo "2341"]
[BlackElo "2552"]
[Annotator "TA"]
[PlyCount "31"]
[EventDate "2018.10.05"]
[EventType "swiss"]
[EventCountry "IND"]
[SourceTitle "playchess.com"]
[Source "ChessBase"]
[SourceQuality "1"]

{[%evp 17,18,45,52]} 1. e4 e6 2. d4 d5 3. Nc3 Bb4 4. e5 Qd7 5. a3 Bxc3+ 6. bxc3 b6 7. Qg4 f5 8. Qg3 Nc6 {C16: French: 3 Nc3 Bb4 4 e5: Lines without ...c5} 9. Nh3 (9. Bd3 Bb7 10. Ne2 O-O-O 11. a4 Na5 12. Ba3 Nc4 13. Bxc4 dxc4 14. a5 Nh6 15. Nf4 Rhg8 16. h4 {0-1 (35) Grischuk,A (2782)-Caruana,F (2799) Saint Louis 2017}) 9... Bb7 {LiveBook: 11 Games} {Predecessor:} 10. Nf4 $146 O-O-O 11. h4 Qf7 12. h5 Nh6 13. Be2 Rdg8 14. Nh3 Na5 15. Qh4 Qf8 16. Bg5 {0-1 (43) Fluvia Poyatos,J (2472)-Gonzalez Rodriguez,J (2422) Barcelona 2011} *

[Event "1st Gujarat GM Open 2018"]
[Site "Ahmedabad"]
[Date "2018.10.09"]
[Round "7"]
[White "Sidhant, Mohapatra"]
[Black "Jeet, Jain"]
[Result "*"]
[WhiteElo "2341"]
[BlackElo "2185"]
[Annotator "TA"]
[PlyCount "25"]
[EventDate "2018.10.05"]
[EventType "swiss"]
[EventCountry "IND"]
[SourceTitle "playchess.com"]
[Source "ChessBase"]
[SourceQuality "1"]

{[%evp 22,25,18,8,62,58]} 1. c4 e6 2. Nf3 d5 3. e3 Nf6 4. Nc3 b6 5. b3 Bb7 6. Bb2 Nbd7 7. Rc1 a6 8. d4 Bd6 9. Bd3 O-O 10. O-O Ne4 {E14: Queen's Indian: Classical Variation (4 e3)} 11. Qc2 f5 12. Ne2 {LiveBook: 6 Games} Rc8 $146 (12... c5 $11) ({Predecessor:} 12... c5 13. Ne5 cxd4 14. exd4 Bxe5 15. dxe5 Ndc5 16. cxd5 Qg5 17. g3 Bxd5 18. Nf4 {½-½ (36) Mons,L (2500)-Navara,D (2726) Germany 2018}) 13. Nf4 *

[Event "1st Gujarat GM Open 2018"]
[Site "Ahmedabad"]
[Date "2018.10.09"]
[Round "7"]
[White "Mohammad Minhaz Uddin"]
[Black "Nayak Rajesh"]
[Result "*"]
[WhiteElo "2328"]
[BlackElo "2084"]
[Annotator "TA"]
[PlyCount "18"]
[EventDate "2018.10.05"]
[EventType "swiss"]
[EventCountry "IND"]
[SourceTitle "playchess.com"]
[Source "ChessBase"]
[SourceQuality "1"]

{[%evp 9,18,11,11,0,29,2,3,-8,-21,-13,-15]} 1. e4 c5 2. Nf3 d6 3. d4 cxd4 4. Nxd4 Nf6 5. Bd3 g6 6. c4 {B55: Sicilian: 2...d6 3 d4 cxd4 4 Nxd4 Nf6 5 f3} (6. O-O Bg7 7. c3 O-O 8. f4 e5 9. fxe5 dxe5 10. Nf3 Nbd7 11. Qe2 b6 12. Nbd2 Nc5 13. Bc4 Qc7 14. Kh1 Bb7 15. Ng5 {0-1 (23) Kosasih,C (2408)-Zhang,Z (2617) Tarakan 2008}) 6... Bg7 7. Nc3 Nc6 {The position is equal.} 8. Nb3 Be6 $146 ({Predecessor:} 8... O-O 9. h3 Be6 10. Be3 Ne5 11. Nd5 Bxd5 12. cxd5 Nxd3+ 13. Qxd3 Qd7 {½-½ (48) Farago,S (2234)-Parkanyi,A (2324) Budapest 2010}) 9. Nd5 Rc8 *

[Event "1st Gujarat GM Open 2018"]
[Site "Ahmedabad"]
[Date "2018.10.09"]
[Round "7"]
[White "Wagh Suyog"]
[Black "Shyam Prasad Reddy K"]
[Result "*"]
[WhiteElo "2312"]
[BlackElo "2014"]
[Annotator "TA"]
[PlyCount "30"]
[EventDate "2018.10.05"]
[EventType "swiss"]
[EventCountry "IND"]
[SourceTitle "playchess.com"]
[Source "ChessBase"]
[SourceQuality "1"]

{[%evp 15,17,12,26,-31]} 1. d4 Nf6 2. Bg5 c5 3. d5 Qb6 4. Nc3 Qxb2 5. Bd2 Qb6 6. e4 d6 7. f4 g6 8. Nf3 {A45: Trompowsky Attack} (8. e5 Nfd7 9. Nf3 Bg7 10. Rb1 Qd8 11. e6 fxe6 12. Ng5 Nf8 13. Bb5+ Bd7 14. dxe6 Bxb5 15. Nxb5 Qc8 {1-0 (28) Zubarev,A (2597)-Zinchenko,Y (2543) Rethymno 2011}) 8... Bg7 {LiveBook: 4 Games} 9. Bc4 (9. e5 $11 dxe5 10. fxe5) {Predecessor:} 9... O-O $146 10. O-O Bg4 11. h3 Bxf3 12. Qxf3 Nbd7 13. Qe2 Qc7 14. Rfe1 a6 15. a4 Nh5 {0-1 (32) Mendez Ataria,E (2345)-Needleman,A (2340) La Plata 1992} *

[Event "1st Gujarat GM Open 2018"]
[Site "Ahmedabad"]
[Date "2018.10.09"]
[Round "7"]
[White "Gomes, Mary Ann"]
[Black "Sa, Kannan"]
[Result "*"]
[WhiteElo "2302"]
[BlackElo "1977"]
[Annotator "TA"]
[PlyCount "19"]
[EventDate "2018.10.05"]
[EventType "swiss"]
[EventCountry "IND"]
[SourceTitle "playchess.com"]
[Source "ChessBase"]
[SourceQuality "1"]

{[%evp 9,19,44,65,59,74,30,82,0,17,8,12,0]} 1. Nf3 d6 2. e4 e5 3. Bc4 Nc6 4. c3 Qe7 5. h3 (5. O-O g6 6. d4 Bg7 7. h3 Nf6 8. Re1 O-O 9. Nbd2 Bd7 10. Nf1 Rae8 11. Ng3 Kh8 12. b4 h6 {1-0 (51) Bauer,C (2647)-Vorotnikov,V (2476) Zuerich 2017}) 5... h6 6. O-O {C50: Hungarian Defence and Giuoco Pianissimo} Nf6 7. d4 $146 ({Predecessor:} 7. Qc2 Be6 8. Na3 Qd7 9. Bxe6 fxe6 10. d4 exd4 11. cxd4 {0-1 (52) Otetea,I (1199)-Obada,E (1117) Calimanesti 2013}) 7... g5 (7... Nxe4 $11 {keeps the balance.} 8. Re1 f5) 8. dxe5 (8. Re1 $16) 8... Nxe5 9. Nxe5 dxe5 10. b3 *

[Event "1st Gujarat GM Open 2018"]
[Site "Ahmedabad"]
[Date "2018.10.09"]
[Round "7"]
[White "Srijit Paul"]
[Black "Ter-Sahakyan, Samvel"]
[Result "*"]
[WhiteElo "2292"]
[BlackElo "2547"]
[Annotator "TA"]
[PlyCount "49"]
[EventDate "2018.10.05"]
[EventType "swiss"]
[EventCountry "IND"]
[SourceTitle "playchess.com"]
[Source "ChessBase"]
[SourceQuality "1"]

{[%evp 20,25,0,0,54,50,53,4]} 1. e4 c5 2. Nf3 d6 3. d4 cxd4 4. Nxd4 Nf6 5. Nc3 a6 6. Be2 e5 7. Nb3 Be7 8. O-O O-O 9. Kh1 b6 10. Be3 Bb7 11. f3 Nbd7 {B92: Sicilian Najdorf: 6 Be2} (11... b5 $11) 12. a4 $1 $14 Qc7 (12... Rc8 13. Rf2 Rc7 14. Bf1 Qa8 15. Rd2 Rfc8 16. Bf2 h6 17. h3 g6 18. Nc1 Rxc3 19. bxc3 {1-0 (52) Ivanchuk,V (2747)-Wei,Y (2707) Doha 2016}) 13. Nc1 {[#]} {Predecessor:} Rac8 $146 14. N1a2 d5 15. exd5 Rfd8 16. Bd3 Nc5 17. Be4 Ne6 18. Qe2 Nf4 19. Bxf4 exf4 20. Rad1 Bd6 21. Rd4 Qe7 22. Rfd1 g6 23. Bd3 Qxe2 24. Bxe2 a5 25. Bb5 {0-1 (25) Das,A (2461)-Ortiz Suarez,I (2625) Kolkata 2015} *